000 01387nam a2200301 a 4500
003 OSt
005 20240313073820.0
008 190510s2018 000 spa d
020 _a9789945590821
040 _aDO-SdBNP
_bspa
_cBNPHU
082 4 _a384.55
_bT269p
_222
245 0 0 _aLa televisión de provincias en la República Dominicana /
_cprólogo Adalberto Grullón ; coordinación general, Elina María Cruz ; asesora de investigación, María Corominas ; redacción, Danielis Fermín ... [et. al.]
260 _aSanto Domingo :
_bFUNGLODE,
_c2018.
300 _a245 p.;
_c23 cm.
505 0 _aAnálisis de la televisión de provincias -- Contenidos religiosos de la televisión -- Perfil de la televisión en las provincias dominicanas.
590 _aInventariado,2020/VM
650 4 _aTelevisión
_zRepública Dominicana
_977507
650 4 _aTelevisión
_xAspectos sociales
_zRepública Dominicana
_977508
650 4 _aMedios de comunicación de masas
_zRepública Dominicana
_92031
650 4 _aComunicación
_xAspectos sociales
_zRepública Dominicana
_977509
700 1 _aCruz, Elina María,
_ecoord.
_974708
700 1 _aGrullón, Adalberto
_epról.
_977513
700 1 _aCorominas, Maria,
_d1961-
_977510
700 1 _a Fermín, Danielis ,
_e
_977511
710 2 _aFundación Global Democracía y Desarrollo
_925477
910 _aVMateo
942 _2ddc
_cLBS1
999 _c48462
_d48462